[Event "chess.com SpeedChess Q1Sw"]
[Site "chess.com INT"]
[Date "2022.11.10"]
[Round "10"]
[White "Pranav, Anand"]
[Black "Salem, A.R. Saleh"]
[Result "0-1"]
[WhiteTitle "IM"]
[BlackTitle "GM"]
[WhiteElo "2502"]
[BlackElo "2677"]
[WhiteFideId "46626786"]
[BlackFideId "9301348"]
[EventDate "2022.11.10"]

1. e4 e5 2. Nf3 Nc6 3. Bc4 Nf6 4. d3 Bc5 5. O-O O-O 6. Re1 d6 7. c3 a6 8. a4 Ba7
9. h3 b5 10. Bb3 b4 11. a5 Rb8 12. Bc4 d5 13. exd5 Nxd5 14. Nxe5 Nxe5 15. Rxe5
c6 16. d4 Kh8 17. Bd3 bxc3 18. bxc3 f5 19. Ba3 Re8 20. Bd6 Rb2 21. Qe1 Rg8 22.
Ba3 Rb8 23. Bc1 Rf8 24. Ba3 Rg8 25. Nd2 Nxc3 26. Nf3 Nb5 27. Be7 Qc7 28. Ng5 h6
29. Nf7+ Kh7 30. Rxf5 Bxf5 31. Bxf5+ g6 32. Qe3 Kg7 33. Qxh6+ Kxf7 34. Qh7+ Rg7
35. Bxg6+ Kxe7 36. Qxg7+ Kd6 37. Qe5+ Kd7 38. Bf5+ Kd8 39. Qh8+ Ke7 40. Re1+ Kf7
41. Be6+ Kg6 42. Qh4 Nxd4 43. Bg4 Rb5 44. Qh8 Qg7 45. Qe8+ Kh6 46. Re7 Bb8 47.
g3 Re5 48. Rxe5 Bxe5 49. Qd8 Bf6 50. Qd7 Qxd7 51. Bxd7 c5 52. Bc8 Nb3 53. Bxa6
Nxa5 54. Kf1 c4 55. Ke2 c3 56. Kd3 Nb3 57. Bc4 Nc5+ 58. Kc2 Ne4 59. f4 Nxg3 60.
Bd3 Nh5 61. f5 Nf4 62. Be4 Nxh3 63. Bd5 Kg5 64. Be6 Nf2 65. Bc8 Kf4 66. Bd7 Ke5
67. Bc8 Kd4 68. Bd7 Ng4 69. Be6 Ne3+ 70. Kb3 c2 0-1

[Event "chess.com SpeedChess Q1Sw"]
[Site "chess.com INT"]
[Date "2022.11.10"]
[Round "10"]
[White "Lazavik, Denis"]
[Black "Fedoseev, Vladimir3"]
[Result "1-0"]
[WhiteTitle "IM"]
[BlackTitle "GM"]
[WhiteElo "2529"]
[BlackElo "2688"]
[WhiteFideId "13515110"]
[BlackFideId "24130737"]
[EventDate "2022.11.10"]

1. d4 d5 2. c4 c6 3. Nf3 Nf6 4. Nc3 dxc4 5. a4 Bf5 6. Ne5 Nbd7 7. Nxc4 Nb6 8.
Ne5 a5 9. h4 h6 10. f3 e6 11. e4 Bh7 12. Be3 Be7 13. Qb3 Nfd7 14. Nxd7 Nxd7 15.
Bf2 O-O 16. Be2 Rb8 17. Rd1 Bd6 18. O-O Qe7 19. Rfe1 Kh8 20. Bf1 Rfd8 21. Qc2
Nf6 22. Qe2 e5 23. d5 Nd7 24. Rd2 Nc5 25. Qc4 cxd5 26. Nxd5 Qf8 27. Red1 f6 28.
Nb6 Bg8 29. Qb5 Nb3 30. Nd7 Rxd7 31. Qxd7 Nxd2 32. Rxd2 Bb4 33. Rc2 Bb3 34. Rc7
Rd8 35. Qb5 Rd1 36. Kh2 Kh7 37. Bc4 Bxc4 38. Qxc4 Qg8 39. Qxg8+ Kxg8 40. Rxb7
Rd2 41. Bb6 h5 42. b3 Rb2 43. Ra7 Rxb3 44. Bxa5 Bc5 45. Rc7 Be3 46. Be1 Rb1 47.
Bc3 Rc1 48. Ba5 Ra1 49. Rc4 Bg1+ 50. Kh3 Bf2 51. g3 Rg1 52. Kh2 Ra1 53. Bc3 Ra2
54. Kh3 Rc2 55. a5 Bg1 56. g4 hxg4+ 57. Kxg4 Bd4 58. a6 Bxc3 59. a7 Ra2 60. Rc8+
Kh7 61. a8=Q Rxa8 62. Rxa8 Bd2 63. h5 Be3 64. Rb8 Bd2 65. Rb7 Be3 66. Kf5 Kh6
67. Kg4 Bd2 68. Rb8 Kh7 69. Kf5 Be3 70. Ke6 Kh6 71. Rh8+ Kg5 72. Kf7 Kf4 73.
Kxg7 Kxf3 74. h6 Bxh6+ 75. Rxh6 Kxe4 76. Kxf6 Kd4 77. Rh4+ e4 78. Kf5 Kd3 79.
Rxe4 Kc3 80. Ke5 1-0

[Event "chess.com SpeedChess Q1Sw"]
[Site "chess.com INT"]
[Date "2022.11.10"]
[Round "10"]
[White "Shimanov, Aleksandr"]
[Black "Terry, Renato"]
[Result "0-1"]
[WhiteTitle "GM"]
[BlackTitle "IM"]
[WhiteElo "2581"]
[BlackElo "2516"]
[WhiteFideId "4198603"]
[BlackFideId "3803457"]
[EventDate "2022.11.10"]

1. e4 e6 2. d4 d5 3. exd5 exd5 4. Nf3 Nc6 5. Bd3 Bd6 6. O-O Nb4 7. Be2 Bf5 8.
Na3 a6 9. c3 Nc6 10. Bg5 Nge7 11. Nc2 f6 12. Bh4 O-O 13. Ne3 Be6 14. Re1 Qd7 15.
Bd3 Rae8 16. Qc2 g6 17. Re2 Kg7 18. Rae1 Ng8 19. Bg3 Bxg3 20. hxg3 Bf7 21. Nd2
Qd6 22. Nb3 Nd8 23. a4 Re7 24. a5 Rfe8 25. Nc5 c6 26. b4 Ne6 27. Qd2 Nxc5 28.
dxc5 Qc7 29. Nc2 Rxe2 30. Rxe2 Rxe2 31. Qxe2 Qe5 32. Nd4 Ne7 33. Kf1 Qxe2+ 34.
Kxe2 f5 35. Ke3 Kf6 36. Be2 g5 37. f4 g4 38. Bd3 h5 39. Kd2 Bg8 40. Bc2 Bf7 41.
Bb1 Bg8 42. Ke3 Bf7 43. Nc2 Ng6 44. Ne1 Be6 45. Nd3 Bf7 46. Bc2 Be6 47. Nb2 Bf7
48. Na4 Be6 49. Nb6 Ke7 50. Bd3 Kf6 51. Be2 Ke7 52. Bf1 Kf6 53. Na4 Ke7 54. Nb2
Kf6 55. Nd3 Bf7 56. Kd4 Be6 57. Ke3 Bf7 58. Ne1 Be6 59. Be2 Bf7 60. Bd1 Be6 61.
Bc2 Bf7 62. Bb1 Be6 63. Bd3 Bf7 64. Kf2 Be6 65. Nc2 Ne7 66. Nd4 Ng6 67. Bf1 Ne7
68. Be2 Ng6 69. Nxc6 bxc6 70. Bxa6 Ke7 71. Bb7 Kd7 72. a6 Kc7 73. Bxc6 Kxc6 74.
b5+ Kc7 75. b6+ Kc6 76. a7 Kb7 77. Ke3 Bd7 78. Kd4 Bc6 79. Kd3 Nf8 80. Kd4 Nd7
81. c4 dxc4 82. Kxc4 Bxg2 83. Kd4 Bc6 84. Kc4 h4 0-1

[Event "chess.com SpeedChess Q1Sw"]
[Site "chess.com INT"]
[Date "2022.11.10"]
[Round "10"]
[White "Lewtak, Damian"]
[Black "Tan, Zhongyi"]
[Result "1/2-1/2"]
[WhiteTitle "IM"]
[BlackTitle "GM"]
[WhiteElo "2385"]
[BlackElo "2514"]
[WhiteFideId "1141724"]
[BlackFideId "8603642"]
[EventDate "2022.11.10"]

1. e4 c5 2. Nf3 d6 3. Bb5+ Bd7 4. Bxd7+ Qxd7 5. O-O Nc6 6. c3 Nf6 7. Qe2 e6 8.
d4 cxd4 9. cxd4 d5 10. e5 Ne4 11. Nbd2 Nxd2 12. Bxd2 Bb4 13. Bf4 O-O 14. h4 Rfc8
15. h5 h6 16. g4 Bf8 17. a3 Ne7 18. Qd3 Qa4 19. Rfc1 Rc6 20. Rxc6 bxc6 21. Rc1
Rb8 22. b4 a5 23. Bd2 axb4 24. Bxb4 Nc8 25. Bxf8 Kxf8 26. Kg2 Ne7 27. g5 Nf5 28.
gxh6 gxh6 29. Qc3 Rb3 30. Qxc6 Qxc6 31. Rxc6 Rxa3 32. Rc8+ Kg7 33. Rb8 Ra4 34.
Rc8 Nxd4 35. Nxd4 Rxd4 36. Kg3 Rd1 37. f4 Rg1+ 38. Kf3 Rh1 39. Kg4 f5+ 40. exf6+
Kxf6 41. Rf8+ Kg7 42. Re8 Re1 43. Re7+ Kf6 44. Rh7 Rg1+ 45. Kf3 Rh1 46. Rxh6+
Kf5 47. Rh8 e5 48. Rf8+ Ke6 49. Re8+ Kd6 50. Rxe5 Rf1+ 51. Kg4 d4 52. h6 d3 53.
Re8 Rh1 54. Kg5 Rg1+ 55. Kf6 Rh1 56. Kg7 Rg1+ 57. Kh7 Rf1 58. Rd8+ Ke7 59. Rxd3
Rxf4 60. Rg3 Kf8 61. Kg6 Kg8 62. Rg5 Ra4 63. Kh5+ Kh8 64. Rg7 Ra8 65. Rg5 Ra6
66. Rf5 Ra8 67. Re5 Ra7 68. Rd5 Kh7 69. Rd6 Rb7 70. Kg5 Ra7 71. Kf6 Rb7 72. Rd3
Rb6+ 73. Kf7 Rb7+ 74. Kf6 Rb6+ 75. Kg5 Rb7 76. Rf3 Rb5+ 77. Rf5 Rb7 78. Rf6 Rb5+
79. Rf5 Rxf5+ 80. Kxf5 Kxh6 1/2-1/2

[Event "chess.com SpeedChess Q1Sw"]
[Site "chess.com INT"]
[Date "2022.11.10"]
[Round "11"]
[White "Harsh, Suresh"]
[Black "Lewtak, Damian"]
[Result "1-0"]
[WhiteTitle "FM"]
[BlackTitle "IM"]
[WhiteElo "2280"]
[BlackElo "2385"]
[WhiteFideId "45018464"]
[BlackFideId "1141724"]
[EventDate "2022.11.10"]

1. Nf3 d5 2. c4 c6 3. e3 Nf6 4. b3 g6 5. Bb2 Bg7 6. Be2 O-O 7. O-O a5 8. Nc3 Bf5
9. d4 Ne4 10. Nd2 Nxc3 11. Bxc3 c5 12. cxd5 cxd4 13. exd4 Na6 14. Nc4 Nb4 15.
Bf3 Ra7 16. Ne3 Qd7 17. a3 Na6 18. g4 Rc8 19. Rc1 Bb1 20. Qd2 Qc7 21. Bb2 Qf4
22. Rxc8+ 1-0

[Event "chess.com SpeedChess Q1Sw"]
[Site "chess.com INT"]
[Date "2022.11.10"]
[Round "11"]
[White "Zhigalko, Sergei"]
[Black "Pranav, Anand"]
[Result "1-0"]
[WhiteTitle "GM"]
[BlackTitle "IM"]
[WhiteElo "2572"]
[BlackElo "2502"]
[WhiteFideId "13502956"]
[BlackFideId "46626786"]
[EventDate "2022.11.10"]

1. e4 c5 2. Nf3 Nc6 3. c3 d5 4. exd5 Qxd5 5. d4 Bf5 6. Be3 cxd4 7. Nxd4 Nxd4 8.
cxd4 Nf6 9. Nc3 Qd8 10. Qb3 b6 11. Rd1 a6 12. d5 g6 13. Bxb6 Qd7 14. Nb5 Rc8 15.
Nd4 Qxd5 16. Nxf5 Qxf5 17. Bxa6 1-0

[Event "chess.com SpeedChess Q1Sw"]
[Site "chess.com INT"]
[Date "2022.11.10"]
[Round "11"]
[White "Alekseenko, Kirill"]
[Black "Naroditsky, Daniel"]
[Result "1/2-1/2"]
[WhiteTitle "GM"]
[BlackTitle "GM"]
[WhiteElo "2687"]
[BlackElo "2617"]
[WhiteFideId "4135539"]
[BlackFideId "2026961"]
[EventDate "2022.11.10"]

1. e4 e5 2. Nf3 Nc6 3. Bc4 Nf6 4. d3 h6 5. Nc3 Bc5 6. h3 d6 7. Na4 Bb6 8. Nxb6
axb6 9. a3 Be6 10. Bxe6 fxe6 11. O-O O-O 12. c4 Nh5 13. g3 Qf6 14. Kg2 Qg6 15.
Kh2 Nd4 16. Nxd4 Rxf2+ 17. Rxf2 Qxg3+ 18. Kh1 Qxf2 19. Qxh5 Qf1+ 20. Kh2 Qf2+
21. Kh1 Qf1+ 22. Kh2 Qf2+ 23. Kh1 1/2-1/2

[Event "chess.com SpeedChess Q1Sw"]
[Site "chess.com INT"]
[Date "2022.11.10"]
[Round "11"]
[White "Bartel, Mateusz"]
[Black "Vokhidov, Shamsiddin"]
[Result "0-1"]
[WhiteTitle "GM"]
[BlackTitle "GM"]
[WhiteElo "2627"]
[BlackElo "2568"]
[WhiteFideId "1112635"]
[BlackFideId "14204223"]
[EventDate "2022.11.10"]

1. e4 c5 2. Ne2 Nf6 3. Nbc3 d5 4. exd5 Nxd5 5. g3 Nxc3 6. bxc3 g6 7. Bg2 Bg7 8.
O-O O-O 9. d3 Nc6 10. Be3 Qa5 11. Qd2 Bg4 12. f3 Bd7 13. a4 b6 14. Rfb1 Rad8 15.
Qe1 Ne5 16. Bd2 Bc6 17. Qf2 Qa6 18. a5 Qb7 19. axb6 axb6 20. Rf1 Ra8 21. Rac1
Rfd8 22. c4 Nxc4 23. Bc3 Nd6 24. Bxg7 Kxg7 25. g4 Nb5 26. h4 Nd4 27. Nxd4 Rxd4
28. Rce1 e6 29. Qe3 Qc7 30. h5 Qf4 31. Qxf4 Rxf4 32. hxg6 hxg6 33. Kf2 Ra2 34.
Re2 Rb4 35. Kg3 Rbb2 36. Rff2 Ba4 37. Re4 Rxc2 38. Rxc2 Bxc2 39. Bf1 b5 40. Re5
b4 41. Rxc5 b3 0-1

[Event "chess.com SpeedChess Q1Sw"]
[Site "chess.com INT"]
[Date "2022.11.10"]
[Round "11"]
[White "Borgaonkar, Akshay"]
[Black "Szente Varga, Fruzsina"]
[Result "1-0"]
[WhiteTitle "CM"]
[BlackTitle "WFM"]
[WhiteElo "2135"]
[BlackElo "2075"]
[WhiteFideId "25639110"]
[BlackFideId "712264"]
[EventDate "2022.11.10"]

1. Nf3 Nf6 2. b3 g6 3. Bb2 Bg7 4. h4 h5 5. g3 O-O 6. Bg2 d5 7. O-O c5 8. d4 c4
9. bxc4 dxc4 10. Nbd2 Bf5 11. Nxc4 Qc7 12. Nfe5 Nbd7 13. Nxd7 Nxd7 14. Ne3 Rac8
15. Nxf5 gxf5 16. Rc1 f4 17. Qd3 Nf6 18. d5 Rfd8 19. c4 fxg3 20. Qxg3 Qxg3 21.
fxg3 Ng4 22. Bxg7 Kxg7 23. Bh3 Kg6 24. Bxg4 hxg4 25. e4 e6 26. Rf4 exd5 27.
Rxg4+ Kh6 28. exd5 Rxd5 29. Rf1 Rd7 30. Rf6+ Kh7 31. Rf5 Kh6 32. Rgf4 Rcc7 33.
Rf6+ Kg7 34. h5 Rxc4 35. h6+ 1-0

[Event "chess.com SpeedChess Q1Sw"]
[Site "chess.com INT"]
[Date "2022.11.10"]
[Round "11"]
[White "Viana Da Costa, Fernando"]
[Black "Tarnowska, Aleksandra"]
[Result "1-0"]
[WhiteTitle "FM"]
[BlackTitle "WCM"]
[WhiteElo "2241"]
[BlackElo "1835"]
[WhiteFideId "2111900"]
[BlackFideId "1180967"]
[EventDate "2022.11.10"]

1. e4 c5 2. Nf3 e6 3. d4 cxd4 4. Nxd4 a6 5. Nc3 Qc7 6. g3 Nf6 7. Bg2 Be7 8. O-O
O-O 9. Re1 d6 10. a4 Nc6 11. Nb3 b6 12. g4 Bb7 13. g5 Nd7 14. f4 Rfe8 15. Re3
Nf8 16. Rh3 Rad8 17. Be3 Nb4 18. a5 bxa5 19. Nxa5 Ba8 20. Nb3 d5 21. e5 Nc6 22.
Nd4 Nxd4 23. Bxd4 Bb7 24. Na4 Qc6 25. Rc3 Qb5 26. Rb3 Qc6 27. Nb6 Bc5 28. c3
Bxd4+ 29. Qxd4 Nd7 30. Nxd7 Rxd7 31. Rb6 Qc7 32. Bf1 Ra8 33. Bd3 g6 34. h4 Kg7
35. h5 Re7 36. Kf2 Rd7 37. Ke3 Re7 38. Ra3 Rd7 39. Rab3 1-0

[Event "chess.com SpeedChess Q1Sw"]
[Site "chess.com INT"]
[Date "2022.11.10"]
[Round "11"]
[White "Mitrabha, Guha"]
[Black "Aditya, Mittal"]
[Result "1-0"]
[WhiteTitle "GM"]
[BlackTitle "IM"]
[WhiteElo "2474"]
[BlackElo "2486"]
[WhiteFideId "5057000"]
[BlackFideId "35042025"]
[EventDate "2022.11.10"]

1. c4 Nf6 2. d4 e6 3. g3 d5 4. Bg2 Bb4+ 5. Nd2 O-O 6. Nf3 dxc4 7. Qc2 a5 8. a3
Bxd2+ 9. Bxd2 b5 10. a4 c6 11. e4 Bb7 12. e5 Nd5 13. Ng5 g6 14. Ne4 Na6 15. O-O
Nab4 16. Qd1 Nd3 17. b3 c5 18. Nd6 Qd7 19. axb5 c3 20. Bh6 Nb2 21. Qg4 f5 22.
Qh4 cxd4 23. Bxf8 Rxf8 24. Qxd4 Qc7 25. Nxb7 Qxb7 26. Bxd5 Qxd5 27. Qxc3 Nd3 28.
Rfd1 Rd8 29. b6 Qe4 30. b7 Qe2 31. Rxd3 1-0

[Event "chess.com SpeedChess Q1Sw"]
[Site "chess.com INT"]
[Date "2022.11.10"]
[Round "11"]
[White "Kopylov, Alexander A."]
[Black "Sattarov, Bobir"]
[Result "1/2-1/2"]
[WhiteTitle "IM"]
[WhiteElo "2397"]
[BlackElo "2433"]
[WhiteFideId "4164857"]
[BlackFideId "14203081"]
[EventDate "2022.11.10"]

1. d4 Nf6 2. Nf3 e6 3. g3 d5 4. Bg2 b5 5. O-O Bb7 6. c3 Nbd7 7. Bg5 h6 8. Bxf6
Qxf6 9. Qb3 a6 10. a4 c6 11. Nbd2 Be7 12. e4 O-O 13. exd5 exd5 14. Rfe1 Bd6 15.
Nf1 Rfe8 16. Rxe8+ Rxe8 17. axb5 axb5 18. Ra7 Rb8 19. Ne3 Qd8 20. Nf5 Bf8 21.
Ne5 Nxe5 22. dxe5 Qb6 23. Ra1 Re8 24. Re1 f6 25. e6 Bc5 26. Qc2 Bc8 27. Nxh6+
Kf8 28. b4 Bxf2+ 29. Qxf2 Qxf2+ 30. Kxf2 gxh6 31. Bh3 Ke7 32. Ra1 Kd6 33. Ra8
Kc7 34. Ra7+ Bb7 35. Ke3 Kb6 36. Ra1 Bc8 37. Kd4 Bxe6 38. Re1 Bd7 39. Rxe8 Bxe8
40. Be6 Bg6 41. Bg4 Bh7 42. Be6 Bg6 43. Bg4 Bh7 44. Be6 Bg6 1/2-1/2

[Event "chess.com SpeedChess Q1Sw"]
[Site "chess.com INT"]
[Date "2022.11.10"]
[Round "11"]
[White "Stribuk, Artiom"]
[Black "Firat, Burak"]
[Result "1/2-1/2"]
[WhiteTitle "FM"]
[BlackTitle "GM"]
[WhiteElo "2312"]
[BlackElo "2460"]
[WhiteFideId "13515659"]
[BlackFideId "6305881"]
[EventDate "2022.11.10"]

1. d4 Nf6 2. c4 e6 3. g3 c5 4. Nf3 cxd4 5. Nxd4 Bb4+ 6. Bd2 Bc5 7. Nb3 Be7 8.
Bg2 O-O 9. O-O d6 10. Nc3 Nc6 11. e3 Bd7 12. Nd4 Rc8 13. b3 a6 14. Nde2 Qc7 15.
a4 Ne5 16. Rc1 Qb6 17. Nd4 Nd3 18. Rb1 Nb4 19. Qe2 Rfd8 20. Rfd1 Be8 21. Be1 Bf8
22. Ra1 Qc7 23. a5 d5 24. cxd5 Nbxd5 25. Nxd5 Nxd5 26. Qb2 Qe7 27. Rac1 Qa3 28.
Qxa3 Bxa3 29. Rc4 Kf8 30. Ra1 Bd6 31. Rac1 Bd7 32. Bxd5 exd5 33. Rxc8 Rxc8 34.
Rxc8+ Bxc8 35. f3 Ke7 36. Kf2 h5 37. h4 f6 38. Ke2 g5 39. Nc2 Ke6 40. Kf2 Bd7
41. Bb4 Bc7 42. Nd4+ Kf7 43. Bc3 Bd6 44. Bd2 Bc5 45. Bc3 g4 46. f4 Bxd4 1/2-1/2

[Event "chess.com SpeedChess Q1Sw"]
[Site "chess.com INT"]
[Date "2022.11.10"]
[Round "11"]
[White "Li, Ruifeng"]
[Black "Pakleza, Zbigniew"]
[Result "1/2-1/2"]
[WhiteTitle "GM"]
[BlackTitle "GM"]
[WhiteElo "2541"]
[BlackElo "2496"]
[WhiteFideId "2061074"]
[BlackFideId "1119290"]
[EventDate "2022.11.10"]

1. b3 d5 2. Bb2 Nf6 3. e3 Bf5 4. h3 h6 5. g4 Be4 6. Nf3 e6 7. d3 Bh7 8. Bg2 c5
9. Nbd2 Nc6 10. Ne5 Nxe5 11. Bxe5 Bd6 12. Bb2 Qc7 13. Qe2 O-O-O 14. c4 Be5 15.
d4 cxd4 16. exd4 Bf4 17. Rc1 Kb8 18. cxd5 Qa5 19. Bc3 Qxa2 20. dxe6 Rhe8 21. O-O
Rxe6 22. Qf3 Nd5 23. Rfe1 Bxd2 24. Rxe6 fxe6 25. Qe2 Nxc3 26. Qe5+ Ka8 27. Qc7
Rb8 28. Bxb7+ Rxb7 29. Qc8+ Rb8 30. Qc6+ Rb7 31. Qc8+ Rb8 32. Qc6+ Rb7 33. Qc8+ 1/2-1/2

[Event "chess.com SpeedChess Q1Sw"]
[Site "chess.com INT"]
[Date "2022.11.10"]
[Round "11"]
[White "Baskakov, Egor"]
[Black "Nguyen Hong Nhung"]
[Result "1/2-1/2"]
[WhiteTitle "CM"]
[BlackTitle "WFM"]
[WhiteElo "2215"]
[BlackElo "2003"]
[WhiteFideId "24197866"]
[BlackFideId "12412201"]
[EventDate "2022.11.10"]

1. e4 c5 2. Nf3 e6 3. Be2 Nc6 4. c4 Nf6 5. Nc3 d5 6. exd5 exd5 7. d4 cxd4 8.
Nxd4 Bc5 9. Be3 Nxd4 10. Bxd4 Bxd4 11. Qxd4 Be6 12. cxd5 Bxd5 13. Bb5+ Bc6 14.
Bxc6+ bxc6 15. Qc5 Qe7+ 16. Qxe7+ Kxe7 17. O-O-O Rhd8 18. Rhe1+ Kf8 19. h3 Nd5
20. Rd3 Nxc3 21. Rxc3 Rd6 22. Rd1 Rad8 23. Rxd6 Rxd6 24. Kc2 Rf6 25. f3 Rg6 26.
g4 Re6 27. h4 g6 28. Kd3 Kg7 29. Ra3 Re7 30. Ra6 Rc7 31. g5 f6 32. f4 fxg5 33.
fxg5 Kf7 34. Kd4 Ke6 35. Kc5 Kd7 36. b4 Rb7 37. a4 Rc7 38. a5 Rb7 39. Rxc6 Rxb4
40. Rxg6 Rxh4 41. Rh6 Rxh6 42. gxh6 Kc7 43. Kd5 Kd7 44. a6 Ke7 45. Kc6 Ke6 46.
Kc7 Ke7 47. Kc8 Ke8 48. Kb8 Kd8 49. Kxa7 Kc7 50. Ka8 Kc8 51. a7 Kc7 1/2-1/2

[Event "chess.com SpeedChess Q1Sw"]
[Site "chess.com INT"]
[Date "2022.11.10"]
[Round "11"]
[White "Sjugirov, Sanan"]
[Black "Kamsky, Gata"]
[Result "1/2-1/2"]
[WhiteTitle "GM"]
[BlackTitle "GM"]
[WhiteElo "2712"]
[BlackElo "2666"]
[WhiteFideId "4189302"]
[BlackFideId "2000024"]
[EventDate "2022.11.10"]

1. d4 d5 2. Nf3 Nf6 3. Bf4 Bf5 4. c4 e6 5. Qb3 b6 6. e3 Bd6 7. Bg3 O-O 8. Nc3 c6
9. Be2 h6 10. O-O Bxg3 11. hxg3 Nbd7 12. Rac1 a6 13. cxd5 cxd5 14. Na4 Ne4 15.
Rfd1 Qb8 16. Bd3 Bg4 17. Be2 b5 18. Nc3 Rc8 19. Rc2 Nxc3 20. Rxc3 Qb7 21. Rdc1
Nb6 22. Rc5 Na4 23. R5c2 Nb6 24. Bd3 Rxc2 25. Rxc2 Bxf3 26. gxf3 Rc8 27. Rc5 Na4
28. Rc2 Nb6 29. Qa3 Rxc2 30. Bxc2 Nc4 31. Qc3 b4 32. Qd3 g6 33. b3 Na3 34. Qd2
Qc6 35. Bd3 Qc3 36. Qe2 a5 37. Kg2 Kg7 38. f4 h5 39. Kh2 Kf6 40. Kg2 Kg7 41. Kh2
Kf6 42. Kg2 Kg7 1/2-1/2

[Event "chess.com SpeedChess Q1Sw"]
[Site "chess.com INT"]
[Date "2022.11.10"]
[Round "11"]
[White "Bluebaum, Matthias"]
[Black "Duda, Jan-Krzysztof"]
[Result "0-1"]
[WhiteTitle "GM"]
[BlackTitle "GM"]
[WhiteElo "2651"]
[BlackElo "2731"]
[WhiteFideId "24651516"]
[BlackFideId "1170546"]
[EventDate "2022.11.10"]

1. d4 Nf6 2. c4 e6 3. Nc3 d5 4. cxd5 exd5 5. Bg5 c6 6. e3 h6 7. Bh4 Be7 8. Bd3
O-O 9. Nge2 Re8 10. O-O Nh5 11. Bxe7 Qxe7 12. Qd2 Nd7 13. Rae1 Ndf6 14. Nc1 Ne4
15. Qd1 Qg5 16. f4 Qg6 17. Bxe4 dxe4 18. Nb3 Nf6 19. Qc2 b6 20. Ne2 Nd5 21. Ng3
Ba6 22. f5 Qd6 23. Rf2 Nb4 24. Qd2 Nd3 25. f6 Nxf2 26. Qxf2 Qxf6 27. Qxf6 gxf6
28. Rc1 Re6 29. Nd2 Bd3 30. Nh5 Kh7 31. Nf4 Rd6 32. Kf2 f5 33. Rc3 Bb5 34. b3 c5
35. d5 Rad8 36. Nc4 Rxd5 37. Nxd5 Rxd5 38. Rc2 Bxc4 39. bxc4 Rd3 40. a4 Ra3 41.
Rd2 f4 42. Rd7 fxe3+ 43. Ke2 Rxa4 44. Rxf7+ Kg6 45. Re7 Rxc4 46. Rxa7 Rc2+ 47.
Kxe3 Rxg2 48. Rb7 Rb2 49. Kxe4 Kh5 50. Kf4 Kh4 51. Ke4 h5 52. Kf3 Kh3 53. Kf4 h4
54. Kg5 Rb4 0-1

[Event "chess.com SpeedChess Q1Sw"]
[Site "chess.com INT"]
[Date "2022.11.10"]
[Round "11"]
[White "Salem, A.R. Saleh"]
[Black "Svane, Frederik"]
[Result "1-0"]
[WhiteTitle "GM"]
[BlackTitle "GM"]
[WhiteElo "2677"]
[BlackElo "2568"]
[WhiteFideId "9301348"]
[BlackFideId "12923044"]
[EventDate "2022.11.10"]

1. d4 Nf6 2. c4 e6 3. Nc3 Bb4 4. a3 Bxc3+ 5. bxc3 Nc6 6. f3 Na5 7. e4 b6 8. Bg5
h6 9. Bh4 Ba6 10. e5 g5 11. Bf2 Nh7 12. h4 Bxc4 13. Bxc4 Nxc4 14. Qa4 Na5 15.
Ne2 Qe7 16. c4 O-O-O 17. Qb5 f6 18. Rb1 Nc6 19. c5 Kb7 20. cxb6 cxb6 21. d5 Rb8
22. dxc6+ dxc6 23. Qb2 fxe5 24. O-O gxh4 25. Qxe5 Ng5 26. Rfc1 Rhg8 27. Kh2 h3
28. Nd4 hxg2 29. f4 Nf7 30. Qe4 Rbc8 31. Nxc6 g1=Q+ 32. Rxg1 Rxc6 33. Rxg8 Nd6
34. Qg2 Kc7 35. Rg7 Nf7 36. Qg6 Rc2 37. Qxc2+ 1-0

[Event "chess.com SpeedChess Q1Sw"]
[Site "chess.com INT"]
[Date "2022.11.10"]
[Round "11"]
[White "Deev, Andrei"]
[Black "Ahn, Hongjin"]
[Result "0-1"]
[WhiteTitle "IM"]
[BlackTitle "IM"]
[WhiteElo "2390"]
[BlackElo "2282"]
[WhiteFideId "4102690"]
[BlackFideId "13201492"]
[EventDate "2022.11.10"]

1. e4 c5 2. Nf3 Nf6 3. e5 Nd5 4. c3 Nc6 5. d4 cxd4 6. cxd4 d6 7. Nc3 Nxc3 8.
bxc3 dxe5 9. d5 Nb8 10. Nxe5 Nd7 11. Bb5 Qc7 12. Qd4 a6 13. Bxd7+ Bxd7 14. O-O
Rd8 15. Bf4 Qc8 16. Rfe1 Bf5 17. Nc4 e6 18. d6 Qc6 19. Rad1 f6 20. Nb6 Kf7 21.
c4 Rg8 22. c5 g5 23. Bc1 h5 24. Bb2 Bg7 25. Qc4 Kg6 0-1

[Event "chess.com SpeedChess Q1Sw"]
[Site "chess.com INT"]
[Date "2022.11.10"]
[Round "11"]
[White "Arencibia Monduy, Antonio"]
[Black "Ambartsumova, Karina"]
[Result "0-1"]
[WhiteTitle "CM"]
[BlackTitle "IM"]
[WhiteElo "2100"]
[BlackElo "2399"]
[WhiteFideId "3507939"]
[BlackFideId "4166299"]
[EventDate "2022.11.10"]

1. e4 c5 2. Nf3 a6 3. c3 d5 4. exd5 Qxd5 5. d4 Nf6 6. Be2 Bg4 7. O-O Nbd7 8. Be3
e6 9. h3 Bh5 10. c4 Qd6 11. Nc3 cxd4 12. Nxd4 Bxe2 13. Qxe2 Be7 14. Rfd1 Qc7 15.
Rac1 O-O 16. Bg5 h6 17. Bh4 Rac8 18. b3 Ba3 19. Rc2 Rfe8 20. Bg3 Qa5 21. Ne4
Nxe4 22. Qxe4 Nc5 23. Qe2 Rcd8 24. Nf3 Bb4 25. Rcc1 Rxd1+ 26. Rxd1 Rd8 27. Rxd8+
Qxd8 28. Be5 Qd3 29. Qxd3 Nxd3 30. Kf1 Nc1 31. Bb2 Nxa2 32. Ke2 Be7 33. Nd2 Nb4
34. Ne4 f6 35. g4 Kf7 36. f4 f5 37. gxf5 exf5 38. Nd2 g6 39. Nf3 Nc6 40. Kd3 Bf6
41. Bxf6 Kxf6 42. Kc3 a5 43. c5 g5 44. fxg5+ hxg5 45. Ng1 Ke5 46. Kc4 g4 47.
hxg4 fxg4 48. Kb5 Nd4+ 49. Kxa5 Nxb3+ 50. Kb6 Ke4 51. Ne2 Kf3 52. Ng1+ Kf2 0-1

[Event "chess.com SpeedChess Q1Sw"]
[Site "chess.com INT"]
[Date "2022.11.10"]
[Round "11"]
[White "Samaganova, Aleksandra"]
[Black "Czerw, Dawid"]
[Result "0-1"]
[WhiteTitle "WFM"]
[BlackTitle "FM"]
[WhiteElo "1884"]
[BlackElo "2373"]
[WhiteFideId "13800221"]
[BlackFideId "1145746"]
[EventDate "2022.11.10"]

1. c4 Nf6 2. Nc3 e6 3. e4 c5 4. Nf3 Nc6 5. Be2 a6 6. O-O Be7 7. d4 cxd4 8. Nxd4
O-O 9. Be3 Qc7 10. b3 b6 11. f3 Bb7 12. Rc1 Qb8 13. Na4 Bd8 14. Qd2 Bc7 15. h3
Nh5 16. f4 Ng3 17. Rf3 Nxe4 18. Qd3 Nxd4 19. Bxd4 Bc6 20. Be3 f5 21. Nb2 Nc5 22.
Bxc5 bxc5 23. Rff1 Bxf4 24. Rcd1 Be5 25. Qd2 Bd4+ 26. Kh1 Qg3 27. Rf3 Bxf3 28.
Bxf3 Be5 29. Kg1 Qh2+ 30. Kf1 Rad8 31. Nd3 Bd4 32. Re1 e5 33. Bd5+ Kh8 34. Ke2
e4 35. Nf4 g5 36. Nh5 Qxg2+ 37. Kd1 Qf3+ 38. Qe2 Qxe2+ 39. Kxe2 Rde8 40. Rf1 f4
41. h4 f3+ 42. Kd2 e3+ 43. Kd3 e2 44. Rh1 e1=Q 0-1